000
00314nam a2200133Ia 4500
005
20260328104345.0
008
260328s9999||||xx |||||||||||||| ||und||
100
_a
Korn, Irene
245
0
_a
Great Masterpiedes of the worls /
_c
Irene Korn
260
_b
Todtri
300
_a
128 p.
650
_a
ARTE
942
_c
BK
999
_c
12277
_d
12277